Plant biotechnology : The genetic manipulation of plants

Guardat en:
Dades bibliogràfiques
Autor principal:  Slater, Adrian
Format: Sách
Idioma:Undetermined
Publicat:  Oxford University Press  2008
Matèries:
Etiquetes: Afegir etiqueta
Sense etiquetes, Sigues el primer a etiquetar aquest registre!
Thư viện lưu trữ: Trung tâm Thư viện - Trường Đại học Công nghiệp TP. Hồ Chí Minh
LEADER 00630nam a2200157Ia 4500
001 UIH_05999
008 231011s9999 xx 000 0 und d
082 |a  631.523 
100 |a  Slater, Adrian 
245 0 |a  Plant biotechnology : The genetic manipulation of plants 
245 0 |c  Slater, Adrian 
260 |b  Oxford University Press 
260 |c  2008 
650 |a  Plant biotechnology; Plant genetic engineering; Công nghệ sinh học thực vật; Kỹ thuật di truyền thực vật;  
927 |a Sách 
980 |a Trung tâm Thư viện - Trường Đại học Công nghiệp TP. Hồ Chí Minh